Kanye West definition of song name - Statistics

General Stats
  • This quiz has been taken 986 times
  • The average score is 7 of 15
Answer Stats
Definition Name % Correct
A person who has run away, especially from their family or an institution. Runaway
90%
A deserted town with few or no remaining inhabitants. Ghost Town
79%
Having the power to move heavy weights or perform other physically demanding tasks Stronger
72%
Known about by many people. Famous
65%
A colourless, transparent, odourless liquid that forms the seas, lakes, rivers, and rain and is the basis of the fluids of living organisms. Water
62%
Ability to do or act; capability of doing or accomplishing something. Power
59%
Displaying a complete lack of feeling or consideration. Heartless
49%
Brought back to life or activity. Reborn
38%
Gradually grow faint and disappear Fade
32%
The one person that will stand by you, no matter what. Real Friends
28%
Hebrew word that has been found at the ending of verses in Psalm Selah
27%
Information about reactions to a product, a person's performance of a task, etc. which is used as a basis for improvement. Feedback
14%
Dompassion or forgiveness shown towards someone whom it is within one's power to punish or harm. Mercy
14%
A small close-knit group of people who do not readily allow others to join them. Clique
13%
Expressing shock and alarm, often for humorous effect. Yikes
9%
No matching quizzes found
Score Distribution
Percent of People with Each Score
Percentile by Number Answered
Your Score History
You have not taken this quiz